000
00338nam a2200133Ia 4500
008
211105s9999||||xx |||||||||||||| ||und||
082
_a
RD307.760972932 R426C 2000
084
_b
10-00177
100
_a
Corral, Julio C.
245
0
_a
Lineamientos de desarrollo para la ciudad de comendador
260
_c
2000
300
_a
0
999
_c
16154
_d
16154